000 00849cam a22002291 4500
001 sa 65009318
003 DLC
005 20260227112201.0
008 830618s1958 vm 000 0 fre
010 _asa 65009318
035 _a(OCoLC)9623143
040 _aDLC
_cICarbS
_dDLC
050 0 0 _aS599.V47
_bT7
100 0 _aTruong-Đình-Phú.
245 1 0 _aRapport sur la cartographie des sols de la station de canne à sucre de Quang-Ngai.
260 _a[Saigon]
_bBibliothèque agronomique,
_c1958.
300 _a15 p.
_bfold. map
_c25 cm.
500 _aCover title.
500 _aAt head of title: Secrétariat d'État à l'agriculture. Direction des études et recherches agronomiques, forestières et zootechniques.
650 0 _aSoil surveys
_zVietnam
_zQuảng Ngãi.
710 1 _aVietnam.
_bNha Khảo cứu và Sưu tầm Nông lâm súc.
999 _c66136
_d66136